| 000 | 01013cab a2200265 4500 | ||
|---|---|---|---|
| 001 | ABS53645 | ||
| 008 | 090401t1995 xxu||||| |||| 00| 0 eng d | ||
| 035 | _a(Sirsi) u5576 | ||
| 041 | _aeng | ||
| 100 | _aPowell-Smith, V. | ||
| 245 | _aSome good advice | ||
| 260 | _c1995 | ||
| 350 | _a0 | ||
| 490 |
_aContract Journal _v380(6043) 21 September 1995, 14(1) |
||
| 520 | _aUses the example of "Gable House Estates v The Halpern Partnership and Bovis Construction" to highlight the dangers of giving bad professional advice. (Architect`s liability in negligence for failure to warn client about uncertainties in advice about predicted usable office space). | ||
| 650 | _aARCHITECTS | ||
| 650 | _aDUTY TO WARN | ||
| 650 | _aGABLE HOUSE ESTATES V HALPERN PARTNERSHIP & BOVIS CONSTRUCTION | ||
| 650 | _aHENDERSON V MERRETT SYNDICATES LTD | ||
| 650 | _aNEGLIGENCE | ||
| 650 | _aPROFESSIONAL ADVICE | ||
| 690 | _aMANAGEMENT-BUSINESS MANAGEMENT-PROFESSIONAL PRACTICE | ||
| 942 | _n0 | ||
| 948 | _c04/03/1997 | ||
| 999 |
_c3326 _d3326 |
||